[Event "Druzynowe Mistrzostwa Polski - II Liga 2023"]
[Site "Jastrzebia Gora"]
[Date "1899-12-30"]
[Round "8.74"]
[White "Rychlik, Hanna"]
[Black "Dziewonski, Dariusz"]
[Result "0-1"]
[WhiteTitle "k"]
[BlackTitle "k"]
[WhiteElo "2026"]
[BlackElo "2204"]

1. d4 d5 2. c4 e6 3. Nc3 c6 4. cxd5 exd5 5. Nf3 Bf5 6. Bf4 Bd6 7. Bxd6 Qxd6 8.
a3 Nf6 9. e3 O-O 10. Ne5 Ne4 11. Nxe4 Bxe4 12. Bd3 f6 13. Nf3 f5 14. O-O Nd7 15.
Rc1 Rae8 16. Ne1 f4 17. exf4 Qxf4 18. Rc3 Nf6 19. Be2 Re7 20. g3 Qc7 21. f3 Bf5
22. Rf2 Rfe8 23. b4 Re3 24. Qd2 Qe7 25. Rxe3 Qxe3 26. Qb2 Bh3 27. Nd3 g5 28. Ne5
Nd7 29. Ng4 Bxg4 30. fxg4 Rf8 31. Bf1 Nf6 32. Qe2 Nxg4 33. Qxe3 Nxe3 34. Bd3 Rxf2
35. Kxf2 Nc4 36. a4 Kg7 37. Kf3 h5 38. h4 Kf6 39. g4 hxg4+ 40. Kxg4 gxh4 41. Kxh4
Ne3 42. Kg3 Nf5+ 43. Kf4 Nxd4 44. Bf1 Ne6+ 45. Ke3 Ke5 46. b5 c5 47. a5 b6 48.
axb6 axb6 49. Bh3 d4+ 50. Kd2 Nf4 51. Bg4 c4 52. Bf3 Kd6 53. Be4 Kc5 54. Bc6 Ne6
55. Bd7 Nc7 0-1

[Event "Druzynowe Mistrzostwa Polski - II Liga 2023"]
[Site "Jastrzebia Gora"]
[Date "1899-12-30"]
[Round "8.75"]
[White "Mirski, Michal"]
[Black "Reichel, Lukasz"]
[Result "1-0"]
[WhiteTitle "I++"]
[BlackTitle "I"]
[WhiteElo "1995"]
[BlackElo "1928"]

1. e4 c5 2. Nf3 d6 3. d4 cxd4 4. Nxd4 Nf6 5. Nc3 a6 6. g3 e5 7. Nde2 Be7 8. Bg2
Nbd7 9. O-O O-O 10. h3 b5 11. Be3 Bb7 12. g4 Nc5 13. Ng3 Rc8 14. Qd2 g6 15. Rad1
b4 16. Nd5 Nxd5 17. exd5 a5 18. Bh6 Re8 19. f4 Ba6 20. Rf2 e4 21. f5 Bf6 22. fxg6
fxg6 23. Qf4 e3 24. Rf3 e2 25. Re1 Bxb2 26. Qf7+ Kh8 27. c3 Rg8 28. Nxe2 Rc7 29.
Qf4 Re8 30. Re3 Kg8 31. Nd4 Rxe3 32. Qxe3 Bxc3 33. Nc6 Rxc6 34. Qe8+ Qxe8 35.
Rxe8+ Kf7 36. Rf8+ Ke7 37. dxc6 Bd2 38. Rh8 Bxh6 39. Rxh7+ Kf6 40. Rxh6 Kg7 41.
g5 a4 42. Bd5 a3 43. Rh4 b3 44. Bxb3 Nxb3 45. axb3 Bb5 46. Rd4 a2 47. Rd1 Bxc6
48. Ra1 Bd5 49. Rxa2 Bxb3 50. Ra7+ Bf7 51. Kf2 d5 52. Ke3 Kg8 53. Kd4 Kf8 54.
Ke5 Kg7 55. Rd7 1-0

[Event "Druzynowe Mistrzostwa Polski - II Liga 2023"]
[Site "Jastrzebia Gora"]
[Date "1899-12-30"]
[Round "8.76"]
[White "Borowski, Przemyslaw"]
[Black "Pietrzak, Tomasz"]
[Result "0-1"]
[WhiteTitle "I"]
[BlackTitle "I"]
[WhiteElo "1794"]
[BlackElo "1786"]

1. e4 c5 2. Nc3 Nc6 3. f4 g6 4. Nf3 Bg7 5. Bb5 d6 6. Bxc6+ bxc6 7. d3 e6 8. O-O
Ne7 9. Qe1 O-O 10. f5 exf5 11. Qh4 f6 12. h3 Qe8 13. g4 g5 14. Qf2 fxg4 15. hxg4
Bxg4 16. Qg3 Bxf3 17. Qxf3 Ng6 18. Ne2 Ne5 19. Qh1 h5 20. Ng3 h4 21. Nf5 Rd8 22.
Bd2 Qh5 23. Qh3 Rf7 24. Rf2 Qg4+ 25. Kh2 Kh7 26. Rg1 Qxh3+ 27. Kxh3 d5 28. Bc3
d4 29. Ba5 Rdd7 30. b3 Bh6 31. Rg4 Nxg4 32. Kxg4 Kg6 33. Bd2 Bf8 34. Rh2 Bd6 35.
Rh3 Be5 36. Be1 Rh7 37. Bd2 Bc7 38. Be1 Rd8 39. Bf2 Re8 40. Rh1 Re5 41. Re1 Rd7
42. Bg1 Re6 43. Rf1 Bg3 44. Bf2 Bxf2 45. Rxf2 Re5 46. Re2 h3 47. Ng3 Rh7 48. Rh2
Rh4+ 49. Kf3 Rf4+ 50. Ke2 g4 0-1

[Event "Druzynowe Mistrzostwa Polski - II Liga 2023"]
[Site "Jastrzebia Gora"]
[Date "1899-12-30"]
[Round "8.77"]
[White "Soliwoda, Zygmunt"]
[Black "Szmyd, Marek"]
[Result "0-1"]
[WhiteTitle "I"]
[BlackTitle "k"]
[WhiteElo "1752"]
[BlackElo "1873"]

1. d4 Nf6 2. Nf3 d5 3. g3 c5 4. c4 cxd4 5. cxd5 Qxd5 6. Qxd4 Nc6 7. Qxd5 Nxd5 8.
Bd2 e5 9. Nc3 Nxc3 10. Bxc3 f6 11. Bg2 Be6 12. O-O Be7 13. Rfd1 Kf7 14. a3 a5
15. Rac1 a4 16. Nd2 Rhd8 17. Nf1 Bb3 18. Rd2 Rac8 19. Ne3 Nd4 20. Re1 Rxc3 21.
Bd5+ Rxd5 22. Nxd5 Rc2 23. Rxc2 Nxc2 24. Rc1 Bxd5 25. Rxc2 f5 26. Kf1 e4 27. Rd2
Ke6 28. Rd4 b5 29. Ke1 Bc5 30. Rd1 Bb3 31. Rd8 Be7 32. Rb8 Bf6 33. Rb6+ Kd7 34.
Rxb5 Bxb2 35. Rxf5 Bxa3 36. Kd2 Bb4+ 37. Ke3 a3 38. Rb5 a2 39. Rxb4 a1=Q 40. Rxb3
Qa7+ 41. Kd2 Qxf2 42. h4 Ke6 43. Re3 Kf5 44. Rb3 Qd4+ 45. Ke1 e3 46. Rb1 Qd2+
47. Kf1 Qd5 48. Kg1 Ke5 0-1

[Event "Druzynowe Mistrzostwa Polski - II Liga 2023"]
[Site "Jastrzebia Gora"]
[Date "1899-12-30"]
[Round "8.78"]
[White "Dranka, Jowita"]
[Black "Uliasz, Katarzyna"]
[Result "0-1"]
[WhiteTitle "I+"]
[BlackTitle "I++"]
[WhiteElo "1636"]
[BlackElo "1764"]

1. e4 c5 2. Nf3 d6 3. d4 cxd4 4. Nxd4 Nf6 5. Nc3 a6 6. Be2 e6 7. Be3 b5 8. a3 Bb7
9. f3 d5 10. exd5 Nxd5 11. Nxd5 Bxd5 12. O-O Be7 13. f4 Bf6 14. c3 O-O 15. Bf3
Bxf3 16. Qxf3 Nd7 17. Rad1 Qc7 18. Qg4 Kh8 19. Nf3 Nb6 20. Bd4 Bxd4+ 21. Nxd4
Nc4 22. Qe2 e5 23. fxe5 Qxe5 24. Qxe5 Nxe5 25. Rd2 Nc4 26. Rdf2 f6 27. Ne6 Rf7
28. Rd1 Re8 29. Rd8 Rxd8 30. Nxd8 Rd7 31. Ne6 Rd1+ 32. Rf1 Nxb2 33. Rxd1 Nxd1
34. Nc7 Nxc3 35. Nxa6 Nb1 36. Kf2 Nxa3 37. Nb4 Kg8 38. Ke2 Kf7 39. Kd2 Ke6 40.
Kc3 Kf5 41. Kd3 g5 42. Nc6 h5 43. Nd4+ Ke5 44. Nf3+ Kd5 45. Nd2 Nc4 46. Ne4 Ne5+
47. Ke3 Nd7 48. Ng3 h4 49. Ne4 b4 50. g3 hxg3 51. hxg3 b3 52. Nd2 Nc5 53. Kf3
b2 54. Ke3 f5 55. Nb1 0-1

[Event "Druzynowe Mistrzostwa Polski - II Liga 2023"]
[Site "Jastrzebia Gora"]
[Date "1899-12-30"]
[Round "8.79"]
[White "Jaskolka, Tomasz"]
[Black "Chomczyk, Marek"]
[Result "1/2-1/2"]
[WhiteTitle "CM"]
[BlackTitle "k++"]
[WhiteElo "2228"]
[BlackElo "2290"]

1. d4 Nf6 2. Nc3 d5 3. Bf4 e6 4. Nb5 Na6 5. e3 c5 6. c3 Be7 7. g4 Ne4 8. Bd3 Nd6
9. Bxd6 Bxd6 10. Qa4 Ke7 11. Nxd6 Qxd6 12. Bxa6 bxa6 13. dxc5 Qxc5 14. Nf3 Rb8
15. Qf4 Bd7 16. O-O-O Rhc8 17. Ne5 Be8 18. Qd4 Qa5 19. a3 f6 20. Nd3 e5 21. Qxa7+
Kf8 22. Nb4 Rxb4 23. axb4 Qa1+ 24. Kd2 Qxb2+ 25. Ke1 Qxc3+ 26. Ke2 Qxb4 27. Kf3
Bb5 28. Rc1 Be2+ 29. Kxe2 Qb2+ 30. Kf3 Rxc1 31. Rxc1 Qxc1 32. Qa8+ Kf7 33. Qxd5+
Kg6 34. Kg2 Qc8 35. Kg3 h5 36. Qd3+ Kh6 37. gxh5 Qe8 38. Qxa6 Qxh5 39. Qc8 Qg5+
40. Kf3 f5 41. Qh8+ Kg6 42. Qe8+ Kh7 43. Ke2 e4 1/2-1/2

[Event "Druzynowe Mistrzostwa Polski - II Liga 2023"]
[Site "Jastrzebia Gora"]
[Date "1899-12-30"]
[Round "8.80"]
[White "Budnik, Mateusz"]
[Black "Pulik, Krzysztof"]
[Result "1-0"]
[WhiteTitle "k"]
[BlackTitle "k"]
[WhiteElo "1969"]
[BlackElo "2074"]

1. Nf3 d5 2. b3 c5 3. Bb2 Nf6 4. e3 g6 5. Be2 Bg7 6. O-O O-O 7. d4 cxd4 8. Bxd4
Nc6 9. Bb2 Re8 10. c4 e5 11. Na3 Bf5 12. cxd5 Nxd5 13. Bc4 Nc7 14. Qc1 Rc8 15.
Rd1 Qe7 16. Nb1 Nb4 17. a3 Nc6 18. Nc3 Bg4 19. Be2 Be6 20. Nd2 Na5 21. b4 Nb3
22. Nxb3 Bxb3 23. Re1 Red8 24. Bd1 Be6 25. e4 Nb5 26. Qe3 Nd4 27. Rc1 Bf6 28.
Nd5 Bxd5 29. Rxc8 Rxc8 30. exd5 Nc2 31. Bxc2 Rxc2 32. Qb3 Rc8 33. g3 Qd6 34. Rd1
Bd8 35. Qe3 f6 36. Qxa7 Rc2 37. Bc1 b6 38. Bh6 Rc7 39. Qa4 Kf7 40. Be3 f5 41.
Qb5 Rc3 42. a4 f4 43. gxf4 exf4 44. Bd4 Rb3 45. Qc6 Be7 46. a5 bxa5 47. Qxd6 Bxd6
48. bxa5 Ra3 49. Ra1 1-0

[Event "Druzynowe Mistrzostwa Polski - II Liga 2023"]
[Site "Jastrzebia Gora"]
[Date "1899-12-30"]
[Round "8.81"]
[White "Wozniak, Maciej"]
[Black "Celinski, Kamil"]
[Result "1-0"]
[WhiteTitle "k"]
[BlackTitle "I++"]
[WhiteElo "1999"]
[BlackElo "1841"]

1. e4 e5 2. Nf3 Nc6 3. Bc4 Nf6 4. d3 Bc5 5. Nbd2 a6 6. a4 Ba7 7. O-O O-O 8. Re1
d6 9. c3 h6 10. Nf1 Re8 11. Ng3 Be6 12. Bxe6 Rxe6 13. Nh4 Ne7 14. Qe2 Ng6 15.
Nhf5 Kh7 16. Nh5 Nxh5 17. Qxh5 Qf6 18. h4 Ne7 19. Be3 Bxe3 20. fxe3 Nxf5 21. exf5
g6 22. fxg6+ Qxg6 23. Qxg6+ Kxg6 24. Kh2 f5 25. Rf1 Rf6 26. a5 Kh5 27. Ra4 c6
28. g4+ Kg6 29. gxf5+ Rxf5 30. Rg4+ Kh5 31. Rxf5+ Kxg4 32. Rf6 d5 33. Re6 Kxh4
34. Rxh6+ Kg4 35. Kg2 Rb8 36. b4 Kf5 37. Kf3 e4+ 38. dxe4+ dxe4+ 39. Ke2 Ke5 40.
c4 Kf5 41. c5 Ke5 42. Rh7 Kd5 43. Rd7+ Ke5 44. Kd2 Ke6 45. Rd6+ Ke5 46. Kc3 Rh8
47. Rd7 Rh3 48. Rxb7 Rxe3+ 49. Kc4 Ra3 50. Re7+ Kf4 51. Rf7+ Ke3 52. Rf6 Kd2 53.
Rxc6 Rc3+ 54. Kd4 e3 55. Re6 Rd3+ 56. Kc4 Rc3+ 57. Kd5 Rd3+ 58. Kc6 Rb3 59. Kb6
Rxb4+ 60. Kxa6 e2 61. c6 e1=Q 62. Rxe1 Kxe1 63. c7 Rc4 64. Kb6 Rb4+ 65. Kc5 Rb2
66. a6 Rc2+ 67. Kb6 Rb2+ 68. Kc6 Rc2+ 69. Kb7 Rb2+ 70. Kc6 Rc2+ 71. Kb6 Rb2+ 72.
Ka5 Rc2 73. a7 Rxc7 74. a8=Q Rc2 75. Kb4 Kd2 76. Qg2+ Kd3 77. Qg3+ Kd2 78. Qf3
Rc1 79. Kb3 Re1 80. Kc4 Re3 81. Qf2+ Re2 82. Qf4+ Kd1 83. Kd3 Ke1 84. Qg3+ Kf1
85. Qf3+ Rf2 86. Qh1# 1-0

[Event "Druzynowe Mistrzostwa Polski - II Liga 2023"]
[Site "Jastrzebia Gora"]
[Date "1899-12-30"]
[Round "8.82"]
[White "Kaminski, Jan"]
[Black "Wozniak, Marcin"]
[Result "1-0"]
[WhiteTitle "I++"]
[BlackTitle "I++"]
[WhiteElo "1858"]
[BlackElo "1817"]

1. e4 e5 2. Nf3 Nc6 3. Bc4 Nf6 4. d3 Bc5 5. Nc3 a6 6. Bg5 h6 7. Bxf6 Qxf6 8. Nd5
Qd8 9. c3 d6 10. d4 Ba7 11. dxe5 dxe5 12. Qe2 Be6 13. Rd1 Qb8 14. a4 Na5 15. Ba2
c6 16. b4 cxd5 17. exd5 Bg4 18. bxa5 O-O 19. h3 e4 20. hxg4 exf3 21. Qxf3 Qe5+
22. Kf1 Rac8 23. Rd3 Rfe8 24. g3 Qd6 25. Kg2 Re5 26. Rb1 Rc7 27. Qf4 Rce7 28.
Rd2 g5 29. Qc4 Bc5 30. Qd3 Ba7 31. Rh1 Re3 32. Qc2 R3e4 33. Bb1 f5 34. gxf5 R4e5
35. Qd1 Kg7 36. c4 Qb4 37. f6+ Kxf6 38. Rxh6+ Kf7 39. Qh5+ 1-0

[Event "Druzynowe Mistrzostwa Polski - II Liga 2023"]
[Site "Jastrzebia Gora"]
[Date "1899-12-30"]
[Round "8.83"]
[White "Wozny, Tomasz"]
[Black "Worobiej, Daniel"]
[Result "0-1"]
[WhiteTitle "I"]
[BlackTitle "I++"]
[WhiteElo "1757"]
[BlackElo "1927"]

1. d4 d5 2. Nf3 Nf6 3. c4 c6 4. Nc3 e6 5. g3 dxc4 6. a4 Bb4 7. Qc2 O-O 8. Bg2 a5
9. O-O Nbd7 10. e4 e5 11. Rd1 Qe7 12. Bg5 h6 13. Bxf6 Qxf6 14. d5 Nc5 15. Nd2
b5 16. dxc6 Bxc3 17. Qxc3 Nxa4 18. Rxa4 bxa4 19. Qxc4 Ra6 20. Rc1 Rd8 21. Nf3
Rd6 22. Qxa4 Raxc6 23. Re1 Bg4 24. Nh4 Rd2 25. f3 Rcc2 26. f4 Qb6+ 27. Kh1 Rxg2
28. Nxg2 Qf2 29. Rg1 Qxg2+ 30. Rxg2 Rc1+ 31. Rg1 Bf3# 0-1

[Event "Druzynowe Mistrzostwa Polski - II Liga 2023"]
[Site "Jastrzebia Gora"]
[Date "1899-12-30"]
[Round "8.84"]
[White "Kopica, Paulina"]
[Black "Trybowska, Barbara"]
[Result "1/2-1/2"]
[WhiteTitle "k"]
[BlackTitle "I++"]
[WhiteElo "1895"]
[BlackElo "1836"]

1. e4 e6 2. d4 d5 3. e5 c5 4. c3 Nc6 5. Nf3 Bd7 6. a3 f6 7. Bd3 fxe5 8. Nxe5 Nxe5
9. dxe5 Ne7 10. O-O Qc7 11. Re1 O-O-O 12. Nd2 Nc6 13. Nf3 h6 14. b4 c4 15. Bb1
g5 16. h3 Bg7 17. Qe2 Kb8 18. a4 a6 19. b5 Na5 20. Nd4 Bf8 21. Ba3 axb5 22. axb5
Bxa3 23. Rxa3 b6 24. Bg6 Qc5 25. Rea1 Kb7 26. Bh5 Ra8 27. Qb2 Qc7 1/2-1/2

[Event "Druzynowe Mistrzostwa Polski - II Liga 2023"]
[Site "Jastrzebia Gora"]
[Date "1899-12-30"]
[Round "8.87"]
[White "Budzisz, Adrian"]
[Black "Adamski, Michal"]
[Result "0-1"]
[WhiteTitle "k"]
[BlackTitle "k++"]
[WhiteElo "2084"]
[BlackElo "2173"]

1. d4 d5 2. Nf3 Nf6 3. g3 Bf5 4. Bg2 e6 5. c4 c6 6. O-O Nbd7 7. b3 Bd6 8. Bb2 O-O
9. Nh4 Bg4 10. Nc3 Re8 11. Qd3 dxc4 12. bxc4 e5 13. d5 Nc5 14. Qc2 e4 15. f3 exf3
16. exf3 Bd7 17. Ne4 Ncxe4 18. fxe4 Qb6+ 19. Kh1 Ng4 20. Rf3 Be5 21. Rb1 Bxb2
22. Rxb2 Qc7 23. h3 Ne5 24. Rfb3 b6 25. c5 cxd5 26. exd5 Qxc5 27. Qxc5 bxc5 28.
Rb7 c4 29. Rc2 Reb8 30. Rc7 Rc8 31. Rxc8+ Rxc8 32. Rc3 Kf8 33. Kg1 Ke7 34. Kf2
Kd6 35. Ke3 g5 36. Nf3 Nxf3 37. Bxf3 Bxh3 38. Kd4 Bf1 39. Be4 h5 40. Rf3 Bg2 41.
Rxf7 Bxe4 42. Rf6+ Kd7 43. Kxe4 c3 44. Rf1 c2 45. Rc1 Kd6 46. a4 a5 47. Kd4 h4
0-1

[Event "Druzynowe Mistrzostwa Polski - II Liga 2023"]
[Site "Jastrzebia Gora"]
[Date "1899-12-30"]
[Round "8.88"]
[White "Walkusz, Witoslaw"]
[Black "Szczesniak, Konrad"]
[Result "1-0"]
[WhiteTitle "FM"]
[BlackTitle "k"]
[WhiteElo "2038"]
[BlackElo "2011"]

1. d4 Nf6 2. Bg5 d5 3. Bxf6 exf6 4. e3 Be6 5. Nf3 Bd6 6. Nbd2 O-O 7. Bd3 Nc6 8.
a3 Ne7 9. O-O Ng6 10. c4 c6 11. Qc2 Qd7 12. b4 a5 13. c5 Bc7 14. Rfb1 axb4 15.
axb4 Rfb8 16. b5 Qc8 17. b6 Bd8 18. Ra7 Rxa7 19. bxa7 Ra8 20. Qa4 Nf8 21. e4 Nd7
22. exd5 Bxd5 23. Ne4 b6 24. Nd6 Qc7 25. Re1 Rxa7 26. Qc2 Nf8 27. cxb6 Qxb6 28.
Nc8 Qa5 29. Nxa7 Qxa7 30. Re8 Be7 31. Bxh7+ Kh8 32. Be4 Qd7 33. Ra8 Qb7 34. Ra1
g6 35. Bxd5 cxd5 36. Rc1 Kg7 37. g3 Ne6 38. Kg2 Qa7 39. Qd2 Bd8 40. Qb2 Bb6 41.
Ra1 Qc7 42. Ra6 Ba7 43. Qa2 Bb6 44. Qxd5 Nxd4 45. Rxb6 Nxf3 46. Rb7 Ne1+ 47. Kf1
Qc1 48. Qxf7+ Kh6 49. Qh7+ Kg5 50. Qh4+ Kf5 51. Rb5+ Ke6 52. Qe4+ Kf7 53. Rb7+
1-0

[Event "Druzynowe Mistrzostwa Polski - II Liga 2023"]
[Site "Jastrzebia Gora"]
[Date "1899-12-30"]
[Round "8.89"]
[White "Zgadzaj, Rafal"]
[Black "Rusiniak, Slawomir"]
[Result "1/2-1/2"]
[WhiteTitle "CM"]
[BlackTitle "k"]
[WhiteElo "1913"]
[BlackElo "2073"]

1. c4 g6 2. Nf3 Bg7 3. g3 Nf6 4. Bg2 O-O 5. O-O c6 6. d3 d5 7. Nbd2 Re8 8. Ne5
Nbd7 9. Ndf3 Nxe5 10. Nxe5 dxc4 11. Nxc4 Nd5 12. a4 Be6 13. a5 Rc8 14. Bd2 Nc7
15. Be3 Nb5 16. Re1 Bd5 17. Bh3 Rc7 18. Bc5 e5 19. Na3 Nxa3 20. Rxa3 Bf8 21. Qc1
Bxc5 22. Qxc5 a6 23. Ra4 Rce7 24. e4 Be6 25. Bf1 Rd7 26. Rb4 Qc7 27. Rd1 Red8
28. Ra1 Rd4 29. Raa4 Rxb4 30. Rxb4 Bc8 31. h4 Qd6 32. Qb6 Kg7 33. Be2 h5 34. Rc4
Be6 35. Rb4 Rd7 36. Ra4 f6 37. Qb4 c5 38. Qc3 Qc6 39. Ra1 Rd4 40. Rc1 Rb4 41.
Qxb4 cxb4 42. Rxc6 bxc6 43. d4 Bc8 44. dxe5 fxe5 45. f4 Kf6 46. Kf2 c5 47. Ke3
Bb7 48. Kd3 Bc6 49. Ke3 Bb7 50. Bc4 Bc8 51. Bd5 Bh3 52. Bc4 Bc8 53. Bd3 Bb7 54.
Be2 Bc8 55. f5 Bb7 56. Bd3 Bc8 57. Kd2 Bb7 58. fxg6 Kxg6 59. Kc2 Kf6 60. Kb3 Ke6
61. Be2 Bxe4 62. Bxa6 Bf3 63. Kc2 Kd6 64. Kd3 Bd5 65. Bb5 Bf7 66. Ba6 Bd5 67.
Bb5 Bf7 68. Ba6 Bg6+ 69. Ke3 1/2-1/2

[Event "Druzynowe Mistrzostwa Polski - II Liga 2023"]
[Site "Jastrzebia Gora"]
[Date "1899-12-30"]
[Round "8.90"]
[White "Andrzejewska, Anna"]
[Black "Pietrzak, Emilia"]
[Result "1/2-1/2"]
[WhiteTitle "WCM"]
[BlackTitle "I++"]
[WhiteElo "1944"]
[BlackElo "1671"]

1. e4 c5 2. Nf3 Nc6 3. d4 cxd4 4. Nxd4 Qb6 5. Nb3 Nf6 6. Nc3 e6 7. Be3 Qc7 8. a3
a6 9. Be2 b5 10. O-O Be7 11. f4 d6 12. Bf3 Bb7 13. Kh1 O-O 14. g4 Rfd8 15. Qe1
Nd7 16. g5 Nc5 17. Qf2 Nxb3 18. cxb3 Qd7 19. b4 Rac8 20. Rad1 Qe8 21. h4 f6 22.
Kh2 Qf7 23. Bg4 Bf8 24. Bb6 Re8 25. Qg3 Ne7 26. gxf6 Qxf6 27. Bd4 Qf7 28. Rg1
d5 29. Bxe6 Qxe6 30. Bxg7 Kf7 31. f5 Qc6 32. Qg5 Qc7+ 33. e5 Ng8 34. Qh5+ Ke7
35. Qxh7 Kd8 36. Nxd5 Qc2+ 37. Kh3 Qf2 38. Nf6+ Kc7 39. Bxf8+ Kb8 40. Bd6+ Ka8
41. Nxe8 Qf3+ 42. Rg3 Qxd1 43. Nc7+ Kb8 44. Nxa6+ Ka8 45. Nc5 Bf3 46. Rxf3 Qxf3+
47. Kh2 Qf2+ 1/2-1/2

[Event "Druzynowe Mistrzostwa Polski - II Liga 2023"]
[Site "Jastrzebia Gora"]
[Date "1899-12-30"]
[Round "8.91"]
[White "Rajlich, Vasik"]
[Black "Osinski, Emil"]
[Result "1-0"]
[WhiteTitle "IM"]
[BlackTitle "k"]
[WhiteElo "2303"]
[BlackElo "2157"]

1. e4 c5 2. Nf3 Nc6 3. d4 cxd4 4. Nxd4 g6 5. c4 Bg7 6. Be3 Nf6 7. Nc3 Ng4 8. Qxg4
Nxd4 9. Qd1 Ne6 10. Rc1 b6 11. Bd3 Bb7 12. O-O O-O 13. Bb1 Rc8 14. b3 a5 15. f4
Nc5 16. f5 Qc7 17. Bd4 Be5 18. Nb5 Qb8 19. Qd2 Bxh2+ 20. Kh1 Be5 21. Qh6 Nxe4
22. Bxe4 Bxd4 23. Nxd4 Bxe4 24. Rce1 d5 25. cxd5 Qe5 26. Nf3 Qxd5 27. Rxe4 Qxf5
28. Rh4 g5 29. Qxg5+ Qxg5 30. Nxg5 Kg7 31. Rxh7+ Kg6 32. Rhxf7 Rxf7 33. Nxf7 Rc5
34. Rf2 b5 35. Nd8 e5 36. Nb7 Rc1+ 37. Kh2 a4 38. Nd6 axb3 39. axb3 Rc3 40. Rf6+
Kg7 41. Rf3 1-0

[Event "Druzynowe Mistrzostwa Polski - II Liga 2023"]
[Site "Jastrzebia Gora"]
[Date "1899-12-30"]
[Round "8.92"]
[White "Walentukiewicz, Michal"]
[Black "Jarzebowski, Kacper"]
[Result "1-0"]
[WhiteTitle "CM"]
[BlackTitle "k+"]
[WhiteElo "2074"]
[BlackElo "2145"]

1. e4 c6 2. d4 d5 3. e5 Bf5 4. c4 Bxb1 5. Rxb1 dxc4 6. Bxc4 e6 7. Nf3 Ne7 8. O-O
Nd5 9. Bd2 a5 10. a3 a4 11. Bd3 Nd7 12. Ng5 Be7 13. Ne4 Qb6 14. Qg4 O-O-O 15.
Nc3 Nc7 16. Nxa4 Qb3 17. Nc3 Nxe5 18. dxe5 Rxd3 19. Qxg7 Rhd8 20. Be3 Bxa3 21.
Qxh7 Bxb2 22. Ne4 Rxe3 23. fxe3 Qxe3+ 24. Nf2 Bxe5 25. Rbe1 Qc5 26. Qxf7 b5 27.
Qf3 Kb7 28. g3 Bd4 29. Kg2 e5 30. Ne4 Qd5 31. h4 Ra8 32. h5 b4 33. h6 b3 34. h7
b2 35. Qf6 Bb6 36. h8=Q b1=Q 37. Qxa8+ Kxa8 38. Rxb1 Qxe4+ 39. Kh3 Qh7+ 40. Kg4
Qe4+ 41. Kh5 Kb7 42. Qf5 Qe2+ 43. g4 e4 44. Qc5 Qh2+ 45. Kg6 Nb5 46. Rf7+ Bc7
47. Rf6 Kc8 48. Qxc6 Qh8 49. Qe6+ Kd8 50. Rd1+ Nd6 51. Rxd6+ Bxd6 52. Qxd6+ Ke8
53. Re6# 1-0

[Event "Druzynowe Mistrzostwa Polski - II Liga 2023"]
[Site "Jastrzebia Gora"]
[Date "1899-12-30"]
[Round "8.93"]
[White "Maciaszek, Karol"]
[Black "Bienias, Piotr"]
[Result "0-1"]
[WhiteTitle "I"]
[BlackTitle "I++"]
[WhiteElo "1889"]
[BlackElo "1934"]

1. d4 Nf6 2. Bg5 e6 3. e4 h6 4. Bxf6 Qxf6 5. Nc3 a6 6. Qd2 d6 7. Nf3 g5 8. h3 Nc6
9. Bc4 Bd7 10. O-O-O O-O-O 11. Qe2 Kb8 12. Kb1 Bg7 13. Rhe1 h5 14. e5 dxe5 15.
Nxe5 Nxe5 16. dxe5 Qe7 17. g3 Bc6 18. Rxd8+ Qxd8 19. Bd3 Qd4 20. a3 g4 21. h4
Bh6 22. Be4 Qxe5 23. Bxc6 Qxe2 24. Rxe2 bxc6 25. Na4 Rd8 26. Re5 Rd5 27. Nc5 Ka7
28. Nd3 Kb6 29. Rxd5 cxd5 30. Ne5 Bg7 31. Nd3 e5 32. c3 c5 33. Kc2 a5 34. Ne1
e4 35. a4 d4 36. Kd1 Kc6 37. Nc2 dxc3 38. bxc3 Bxc3 39. Ke2 Bd4 40. Na3 Kd5 41.
Kf1 c4 42. Kg2 c3 43. Kh2 Bc5 44. Nc2 Kc4 45. f4 Kb3 46. Kg2 Kxc2 47. Kf1 Kd3
0-1

[Event "Druzynowe Mistrzostwa Polski - II Liga 2023"]
[Site "Jastrzebia Gora"]
[Date "1899-12-30"]
[Round "8.94"]
[White "Bes, Michal"]
[Black "Kicinski, Jacek"]
[Result "1-0"]
[WhiteTitle "k"]
[BlackTitle "I+"]
[WhiteElo "2052"]
[BlackElo "1929"]

1. e4 c6 2. d4 d5 3. exd5 cxd5 4. c4 Nf6 5. Nc3 Nc6 6. Nf3 g6 7. cxd5 Nxd5 8. Qb3
Nxc3 9. bxc3 Bg7 10. Be2 O-O 11. Bf4 b6 12. O-O Be6 13. Qa4 Rc8 14. Ba6 Qd7 15.
Bxc8 Rxc8 16. Rad1 Qd5 17. Rfe1 Na5 18. Ne5 Qxa2 19. Qb5 Qd5 20. Qa6 Qb7 21. Qxb7
Nxb7 22. d5 Bxe5 23. Rxe5 Rd8 24. Rd4 Bd7 25. Rxe7 Kf8 26. Re1 Rc8 27. Bh6+ Kg8
28. Re7 Rd8 29. Rc4 Nd6 30. Rc7 Be8 31. g4 a5 32. c4 a4 33. Bf4 Nc8 34. Rxe8+
Rxe8 35. d6 Rd8 36. Bg5 a3 37. Bxd8 a2 38. Bf6 1-0

[Event "Druzynowe Mistrzostwa Polski - II Liga 2023"]
[Site "Jastrzebia Gora"]
[Date "1899-12-30"]
[Round "8.95"]
[White "Rajlich, Vaclav"]
[Black "Antoniewicz, Jakub"]
[Result "0-1"]
[WhiteTitle "I"]
[BlackTitle "I"]
[WhiteElo "1596"]
[BlackElo "1950"]

1. e4 c5 2. Nf3 Nc6 3. d4 cxd4 4. Nxd4 e5 5. Nb5 d6 6. N1c3 a6 7. Na3 Be7 8. Nc4
b5 9. Ne3 Nf6 10. Ncd5 Be6 11. Bd3 O-O 12. O-O Rb8 13. b3 Nd7 14. Bb2 Nc5 15.
Nf5 Bg5 16. f4 Nxd3 17. Qxd3 Bxf5 18. exf5 exf4 19. Nxf4 Qb6+ 20. Kh1 Ne5 21.
Qg3 Bxf4 22. Rxf4 f6 23. Rd1 Rbc8 24. Rf2 Qa5 25. h3 Kh8 26. Rfd2 Qxa2 27. Bxe5
dxe5 28. Rd7 Rg8 29. Ra7 Qxc2 30. Rdd7 Qc1+ 31. Kh2 Qf4 32. Qxf4 exf4 33. Rxa6
Rc3 34. Rb6 Rxb3 35. Rd5 f3 36. gxf3 Rxf3 37. Rdxb5 h6 38. Rb8 Kh7 39. Rxg8 Kxg8
40. Kg2 Re3 41. Rb4 Kf7 42. Rb7+ Re7 43. Rb4 Re5 44. Rf4 g5 45. fxg6+ Kxg6 46.
Kg3 f5 47. Rf3 Re4 48. Rb3 Kg5 49. Ra3 h5 50. Rb3 Ra4 51. Rc3 h4+ 52. Kf3 Ra1
53. Rc8 Ra3+ 54. Kg2 Rb3 55. Ra8 Rb2+ 56. Kf3 Rb3+ 57. Kg2 Rg3+ 58. Kh2 Re3 59.
Kg2 Kf4 60. Ra4+ Re4 61. Ra2 Rd4 62. Rf2+ Ke5 63. Re2+ Re4 64. Ra2 Re3 65. Ra5+
Kf4 66. Ra4+ Kg5 67. Ra8 Rd3 68. Rb8 Kf6 69. Rb6+ Ke5 70. Rb5+ Ke4 71. Rb4+ Rd4
72. Rb2 f4 73. Re2+ Kf5 74. Rf2 Rd3 75. Ra2 Ke4 76. Rb2 Ke3 77. Rf2 Rd5 78. Rf3+
Ke4 79. Rf2 Rg5+ 80. Kh2 f3 81. Ra2 Rd5 82. Ra4+ Rd4 83. Rxd4+ Kxd4 84. Kg1 Ke3
85. Kf1 f2 86. Kg2 Ke2 87. Kh2 Ke1 0-1

[Event "Druzynowe Mistrzostwa Polski - II Liga 2023"]
[Site "Jastrzebia Gora"]
[Date "1899-12-30"]
[Round "8.96"]
[White "Jankowska, Julia"]
[Black "Kicinska, Magdalena"]
[Result "1/2-1/2"]
[WhiteTitle "I++"]
[BlackTitle "I++"]
[WhiteElo "1748"]
[BlackElo "1499"]

1. d4 d5 2. c4 e6 3. Nf3 Nf6 4. g3 Be7 5. Bg2 O-O 6. Nc3 dxc4 7. Ne5 c5 8. dxc5
Qxd1+ 9. Nxd1 Bxc5 10. Nc3 Nbd7 11. Nxc4 Nb6 12. Nxb6 Bxb6 13. O-O Rd8 14. Bg5
h6 15. Bxf6 gxf6 16. Rfd1 Kf8 17. Ne4 Ke7 18. Rxd8 Bxd8 19. Rd1 Bc7 20. Nc5 Rb8
21. Rc1 Be5 22. Nd3 Bd6 23. Rc4 b5 24. Rh4 b4 25. Rxh6 Ba6 26. Rh7 Bxd3 27. exd3
Be5 28. b3 f5 29. Rh4 Bc3 30. Rc4 Rd8 31. Bf1 Rd4 32. f4 Rxc4 33. dxc4 Bd4+ 34.
Kg2 Bc5 35. Kf3 Kf6 36. Bd3 Bg1 37. h3 Bc5 38. Bc2 Bd4 39. g4 fxg4+ 40. Kxg4 Kg7
41. Kf3 f5 42. Kg3 Bc5 43. Bd1 Kh6 44. Bf3 Kg6 45. Bc6 Kf6 46. h4 Bd4 47. Kf3
Bc5 48. Be8 Ke7 49. Bc6 Kf6 1/2-1/2

[Event "Druzynowe Mistrzostwa Polski - II Liga 2023"]
[Site "Jastrzebia Gora"]
[Date "1899-12-30"]
[Round "8.97"]
[White "Markiewicz, Jerzy"]
[Black "Jarmula, Pawel"]
[Result "0-1"]
[WhiteTitle "FM"]
[BlackTitle "k+"]
[WhiteElo "2159"]
[BlackElo "2222"]

1. e4 c6 2. d4 d5 3. e5 Bf5 4. h4 h5 5. Bd3 Bxd3 6. Qxd3 e6 7. Nf3 Qa5+ 8. Nbd2
Nh6 9. O-O Nf5 10. c4 Be7 11. g3 O-O 12. Rd1 Rd8 13. c5 b6 14. Nb3 Qa4 15. Bg5
Bxg5 16. Nxg5 Nd7 17. Rac1 Rab8 18. Rd2 bxc5 19. Nxc5 Nxc5 20. Rxc5 Qxa2 21. Qe2
g6 22. Rxc6 Rdc8 23. Rxc8+ Rxc8 24. Qb5 Qc4 25. Qb7 Qc7 26. Qa6 Rb8 27. Kg2 Rb4
28. Nf3 Kg7 29. Qa3 Qb6 30. Qc3 Rc4 31. Qd3 Qb4 32. Kh2 a5 33. Kg2 Qb6 34. Kh2
Rb4 35. Qe2 Nxd4 36. Rxd4 Rxd4 37. Qe3 Rb4 0-1

[Event "Druzynowe Mistrzostwa Polski - II Liga 2023"]
[Site "Jastrzebia Gora"]
[Date "1899-12-30"]
[Round "8.99"]
[White "Augustyn, Sebastian"]
[Black "Liberadzki, Slawomir"]
[Result "0-1"]
[WhiteTitle "k"]
[BlackTitle "k"]
[WhiteElo "2046"]
[BlackElo "1958"]

1. d4 d5 2. Nc3 c5 3. e4 dxe4 4. d5 Nf6 5. Bg5 Nbd7 6. Qd2 h6 7. Be3 a6 8. Nge2
b5 9. Ng3 Bb7 10. O-O-O Qa5 11. Kb1 b4 12. Ncxe4 Bxd5 13. c4 Bc6 14. Bd3 g6 15.
Rhe1 Bg7 16. Bc2 O-O-O 17. Qe2 Nxe4 18. Bxe4 Bxe4+ 19. Nxe4 f5 20. Rxd7 Rxd7 21.
Nxc5 b3 22. axb3 Rd6 23. Rc1 e5 24. Na4 Rhd8 25. c5 Rd3 26. Nb6+ Kc7 27. Bf4 exf4
28. Qe7+ R3d7 29. Nxd7 Rxd7 30. Qe6 Qb4 31. c6 Re7 32. Qg8 Qd4 33. Rc2 Qd1+ 34.
Rc1 Qd3+ 35. Rc2 Re1+ 36. Ka2 Qxc2 37. Qxg7+ Kxc6 38. Qf6+ Kb7 39. Qe7+ Rxe7 0-1